| 000 | 01679cam a22003857a 4500 | ||
|---|---|---|---|
| 003 | CHAP | ||
| 005 | 20220329142338.0 | ||
| 008 | 000829s1999 mx a r 00010 esp d | ||
| 010 | _a82110 | ||
| 011 | _a83082 | ||
| 020 | _a9688845892 | ||
| 035 | _a93590 | ||
| 040 | _cCHAP | ||
| 082 | 0 | 4 |
_a333.72 _bS32 |
| 100 | 0 | 0 |
_aSánchez Vélez, Alejandro S. _ecoor. _9107932 |
| 245 | 1 | 3 |
_aLa destrucción de las indias y sus recursos renovables 1492-1992 : _bdignidad con el pasado y reivindicación con el presente y futuro de los pueblos y las culturas mesoamericanas _c/coor. por Alejandro Sánchez Vélez |
| 260 |
_aChapingo, Méx, : _bCentro de Investigaciones Económicas, Sociales y Tecnológicas de la Agroindustria y la Agricultura Mundial, _c1999. |
||
| 300 |
_a311 p. . _bilus. |
||
| 500 | _ac.5 Col. UACH-CP | ||
| 590 |
_aBATCH-UPD _b10 _c20130110 _lUCH01 _h1638 |
||
| 590 |
_aBATCH-UPD _b10 _c20130410 _lUCH01 _h1029 |
||
| 590 |
_aBATCH-UPD _b10 _c20130914 _lUCH01 _h1827 |
||
| 590 |
_aCONVERSION _b10 _c20130109 _lUCH01 _h1346 |
||
| 650 | 0 | 4 |
_aMéxico _xHistoria _xColonia. _976754 |
| 650 | 0 | 4 |
_aMéxico _xHistoria _xEpoca prehispánica. _976759 |
| 650 | 0 | 4 |
_aRecursos naturales _xInvestigación. _995292 |
| 901 | _aBK | ||
| 905 | _aMayto Villalobos S. | ||
| 942 | _cLIBRO | ||
| 949 |
_a333.72 S32 _bBC _cLIBRO _d33724000687885 _eLIBRO _fc.4 _h97922 _i93590 _si |
||
| 949 |
_a333.72 S32 _bBC _cLIBRO _d33724000687893 _eLIBRO _fc.3 _h97921 _i93590 _si |
||
| 949 |
_a333.72 S32 _bBC _cLIBRO _d33724000784732 _eLIBRO _fc.2 _h97920 _i93590 _sb |
||
| 949 |
_a333.72 S32 _bBC _cLIBRO _d33724000784823 _eLIBRO _h97919 _i93590 _si |
||
| 949 |
_a333.72 S32 _bBC _cUACH _d33724000687760 _eUACH _fc.5 _h97923 _i93590 _sb |
||
| 999 |
_c82110 _d82110 |
||